[Event "15. Obert Int. Sant Martí 2013 - B"]
[Site "Barcelona ESP"]
[Date "2013.07.20"]
[Round "8.55"]
[White "Martinez Torras, Pol"]
[Black "Romero Funieles, Rafael"]
[Result "0-1"]
[WhiteElo "1530"]
[BlackElo "1735"]
[PlyCount "104"]
[EventDate "2013.07.13"]
[EventType "swiss"]
[EventRounds "9"]
[EventCountry "ESP"]
[SourceTitle "Ajedrez en Madrid"]
[Source "lmi"]
[SourceDate "2013.07.13"]
[SourceVersion "1"]
[SourceVersionDate "2019.06.21"]
[SourceQuality "1"]

1. d4 e6 2. c4 Be7 3. Nc3 c6 4. e4 h6 5. Be2 a6 6. Nf3 Bb4 7. Qc2 d5 8. cxd5
Bxc3+ 9. bxc3 cxd5 10. e5 Ne7 11. Ba3 Nbc6 12. O-O b5 13. Rfc1 Bd7 14. Bd3 Rc8
15. Qe2 Na5 16. Nd2 Nc4 17. Bc5 Nc6 18. a4 N6xe5 19. Bxc4 Nxc4 20. Nxc4 bxc4
21. f4 Qf6 22. Rf1 g6 23. Qb2 Qd8 24. Qf2 f5 25. Qe2 Kf7 26. a5 g5 27. Qh5+ Kg7
28. Bd6 Be8 29. Be5+ Kg8 30. Qf3 Rh7 31. g4 Bg6 32. gxf5 Bxf5 33. Ra2 g4 34.
Qg3 h5 35. h4 Rb7 36. Rfa1 Rb5 37. Qe1 Ra8 38. Kh2 Ra7 39. Kg3 Rab7 40. Qc1 Rb1
41. Qa3 R1b3 42. Qc1 Qe7 43. Ra3 Rb1 44. Qe3 R7b2 45. Rxb1 Rxb1 46. Ra2 Rh1 47.
Rh2 Rxh2 48. Kxh2 Qxh4+ 49. Kg1 g3 50. Qd2 Be4 51. Kf1 g2+ 52. Kg1 Qh1+ 0-1

[Event "15. Obert Int. Sant Martí 2013 - B"]
[Site "Barcelona ESP"]
[Date "2013.07.20"]
[Round "8.56"]
[White "Martin Palau, Roger"]
[Black "Muratet Casadevall, Jordi"]
[Result "0-1"]
[WhiteElo "1492"]
[BlackElo "1734"]
[PlyCount "116"]
[EventDate "2013.07.13"]
[EventType "swiss"]
[EventRounds "9"]
[EventCountry "ESP"]
[SourceTitle "Ajedrez en Madrid"]
[Source "lmi"]
[SourceDate "2013.07.13"]
[SourceVersion "1"]
[SourceVersionDate "2019.06.21"]
[SourceQuality "1"]

1. Nf3 Nc6 2. d4 d5 3. c4 Nf6 4. g3 Bg4 5. Bg2 dxc4 6. Qa4 Qd7 7. O-O Nd8 8.
Qxc4 Be6 9. Qc2 Bf5 10. Qb3 Qd5 11. Qxd5 Nxd5 12. Nc3 Nb4 13. e4 Nc2 14. exf5
Nxa1 15. Ne1 Nc6 16. Bxc6+ bxc6 17. b3 Rb8 18. Bb2 Nxb3 19. axb3 Rxb3 20. Nd3
g6 21. f6 exf6 22. d5 Bb4 23. Nxb4 Rxb4 24. Re1+ Kd7 25. Re2 Re8 26. dxc6+ Kd8
27. Rd2+ Kc8 28. Nd5 Rbe4 29. Bxf6 R4e6 30. Kg2 h5 31. Ra2 Kb8 32. Rb2+ Kc8 33.
Rb7 Rxc6 34. Rxa7 Kb8 35. Ra4 Rd6 36. Rb4+ Kc8 37. Rd4 Ree6 38. Be7 Rxd5 39.
Rxd5 Rxe7 40. Kf3 c6 41. Rc5 Kc7 42. h4 Kd6 43. Ra5 c5 44. Kf4 Kd5 45. Kf3 Kd4
46. Ra8 Rc7 47. Rd8+ Kc3 48. Re8 c4 49. Re3+ Kb4 50. Ke2 Rd7 51. Re8 Kc3 52.
Rb8 Kc2 53. Rc8 c3 54. Rb8 Kc1 55. Rc8 c2 56. Rc6 Rb7 57. Kd3 Rb2 58. Kc3 Kb1
0-1

[Event "15. Obert Int. Sant Martí 2013 - B"]
[Site "Barcelona ESP"]
[Date "2013.07.20"]
[Round "8.57"]
[White "Sanchez Paz, Josep"]
[Black "Kazmierczak, Ewa"]
[Result "1-0"]
[WhiteElo "1710"]
[BlackElo "1574"]
[PlyCount "93"]
[EventDate "2013.07.13"]
[EventType "swiss"]
[EventRounds "9"]
[EventCountry "ESP"]
[SourceTitle "Ajedrez en Madrid"]
[Source "lmi"]
[SourceDate "2013.07.13"]
[SourceVersion "1"]
[SourceVersionDate "2019.06.21"]
[SourceQuality "1"]

1. d4 d5 2. c4 dxc4 3. e3 Nf6 4. Bxc4 e6 5. Nc3 c5 6. Nf3 a6 7. a4 cxd4 8. Nxd4
Be7 9. O-O O-O 10. Qf3 Re8 11. Rd1 Qc7 12. Bd3 Nbd7 13. Bf1 Bd6 14. h3 Ne5 15.
Qe2 Ng6 16. e4 Bd7 17. Bg5 Be5 18. Rac1 Qd8 19. Nf3 Bf4 20. e5 Bxg5 21. Nxg5
Nd5 22. Qh5 h6 23. Nxf7 Kxf7 24. Nxd5 exd5 25. Rxd5 Re6 26. Rcd1 Kg8 27. Rxd7
Qg5 28. Qxg5 hxg5 29. Bc4 Rae8 30. Rd8 Kh7 31. Rxe8 Rxe8 32. e6 Nf4 33. Re1 Kh6
34. Kh2 Ng6 35. b4 Ne7 36. b5 a5 37. Rd1 Rc8 38. Rd7 Rxc4 39. Rxe7 Rxa4 40.
Rxb7 Kg6 41. f3 Kf6 42. b6 g6 43. e7 Kf7 44. Rc7 Rh4 45. b7 Rb4 46. Rc8 Kxe7
47. b8=Q 1-0

[Event "15. Obert Int. Sant Martí 2013 - B"]
[Site "Barcelona ESP"]
[Date "2013.07.20"]
[Round "8.58"]
[White "Muratet Carmona, Alexandra"]
[Black "Rodriguez Monago, Juan Antonio"]
[Result "1/2-1/2"]
[WhiteElo "1705"]
[BlackElo "1445"]
[PlyCount "106"]
[EventDate "2013.07.13"]
[EventType "swiss"]
[EventRounds "9"]
[EventCountry "ESP"]
[SourceTitle "Ajedrez en Madrid"]
[Source "lmi"]
[SourceDate "2013.07.13"]
[SourceVersion "1"]
[SourceVersionDate "2019.06.21"]
[SourceQuality "1"]

1. e4 c6 2. d4 d5 3. exd5 cxd5 4. Nf3 Nc6 5. c3 Bg4 6. Be2 Nf6 7. h3 Bxf3 8.
Bxf3 e6 9. O-O Bd6 10. Re1 O-O 11. Bg5 h6 12. Bh4 Be7 13. Nd2 Re8 14. Bg3 Bd6
15. Nf1 Qc7 16. Rc1 b5 17. a4 Bxg3 18. Nxg3 Qb6 19. axb5 Qxb5 20. Qc2 Reb8 21.
Rb1 Qb3 22. Qxb3 Rxb3 23. Bd1 Rb6 24. b4 Na5 25. Be2 Nc6 26. f4 g6 27. Bd3 Ne7
28. Ra1 Ne8 29. Ra6 Nc7 30. Rxb6 axb6 31. c4 dxc4 32. Bxc4 Ra4 33. Rb1 Ncd5 34.
Ne4 Rxb4 35. Rxb4 Nxb4 36. Nf6+ Kg7 37. Nd7 Nbd5 38. g3 f6 39. Kf2 Kf7 40. Bb5
Nc3 41. Bc4 Ned5 42. Nb8 Ke7 43. Kf3 Kd6 44. Na6 b5 45. Bd3 f5 46. g4 b4 47.
Nc5 Nc7 48. Bc4 N3d5 49. Nd3 Na8 50. Ne5 Ne7 51. Nf7+ Kd7 52. Nxh6 Nc7 53. Nf7
Ncd5 1/2-1/2

[Event "15. Obert Int. Sant Martí 2013 - B"]
[Site "Barcelona ESP"]
[Date "2013.07.20"]
[Round "8.59"]
[White "Catala Morales, Joaquim"]
[Black "Fuertes Buisac, Bernat"]
[Result "0-1"]
[WhiteElo "1413"]
[BlackElo "1686"]
[PlyCount "52"]
[EventDate "2013.07.13"]
[EventType "swiss"]
[EventRounds "9"]
[EventCountry "ESP"]
[SourceTitle "Ajedrez en Madrid"]
[Source "lmi"]
[SourceDate "2013.07.13"]
[SourceVersion "1"]
[SourceVersionDate "2019.06.21"]
[SourceQuality "1"]

1. e4 c5 2. Nf3 Nc6 3. d4 cxd4 4. Nxd4 g6 5. Nc3 Bg7 6. Be3 Nf6 7. f3 O-O 8.
Qd2 d5 9. Nxc6 bxc6 10. O-O-O Be6 11. e5 Nd7 12. f4 Qa5 13. Bd4 c5 14. Bxc5
Nxc5 15. a3 Rfd8 16. Be2 d4 17. Nb1 Qxd2+ 18. Nxd2 d3 19. Bf3 dxc2 20. Rde1
Nd3+ 21. Kxc2 Nxe1+ 22. Rxe1 Rac8+ 23. Kd1 Bb3+ 24. Ke2 Rc2 25. Rd1 Rxb2 26. h4
Bxd1+ 0-1

[Event "15. Obert Int. Sant Martí 2013 - B"]
[Site "Barcelona ESP"]
[Date "2013.07.20"]
[Round "8.63"]
[White "Delgado Lozano, Jose Manuel"]
[Black "Custodio Criado, Jofre"]
[Result "1-0"]
[WhiteElo "1927"]
[BlackElo "1568"]
[PlyCount "73"]
[EventDate "2013.07.13"]
[EventType "swiss"]
[EventRounds "9"]
[EventCountry "ESP"]
[SourceTitle "Ajedrez en Madrid"]
[Source "lmi"]
[SourceDate "2013.07.13"]
[SourceVersion "1"]
[SourceVersionDate "2019.06.21"]
[SourceQuality "1"]

1. d4 d5 2. Nf3 Nf6 3. c4 e6 4. cxd5 exd5 5. Nc3 c6 6. Bg5 Nbd7 7. e3 Be7 8.
Bd3 O-O 9. Bc2 Re8 10. O-O Nf8 11. Ne5 N6d7 12. Bxe7 Qxe7 13. Nd3 Nf6 14. Ne5
N6d7 15. Nxd7 Bxd7 16. Rb1 Qh4 17. b4 Re6 18. Qf3 Rae8 19. b5 Rf6 20. Qg3 Qxg3
21. hxg3 Rh6 22. Ba4 Bf5 23. Rb2 Bd3 24. Rd1 Bc4 25. bxc6 bxc6 26. Rb7 a6 27.
Rdb1 Bb5 28. Nxb5 axb5 29. Bd1 Ra8 30. Ra1 Ne6 31. a4 Kf8 32. a5 Nd8 33. Rc7
Ra6 34. Bg4 Ne6 35. Rb7 c5 36. dxc5 Nxc5 37. Rxb5 1-0

[Event "15. Obert Int. Sant Martí 2013 - B"]
[Site "Barcelona ESP"]
[Date "2013.07.20"]
[Round "8.64"]
[White "Pico Garcia, Antoni"]
[Black "Cuxart Taltavull, Albert"]
[Result "0-1"]
[WhiteElo "1532"]
[BlackElo "1741"]
[PlyCount "116"]
[EventDate "2013.07.13"]
[EventType "swiss"]
[EventRounds "9"]
[EventCountry "ESP"]
[SourceTitle "Ajedrez en Madrid"]
[Source "lmi"]
[SourceDate "2013.07.13"]
[SourceVersion "1"]
[SourceVersionDate "2019.06.21"]
[SourceQuality "1"]

1. e4 c5 2. d4 cxd4 3. c3 dxc3 4. Nxc3 Nc6 5. Nf3 Nf6 6. Bc4 d6 7. e5 dxe5 8.
Qxd8+ Nxd8 9. Nb5 Rb8 10. Nxe5 Ne6 11. O-O a6 12. Nc3 Bd7 13. Rd1 Rc8 14. Be3
Bc6 15. Bb6 Nd7 16. Nxd7 Bxd7 17. Bb3 Nc5 18. Bc2 e6 19. Rd2 Rc6 20. Ba5 b6 21.
Bb4 Nb7 22. Bxf8 Rxf8 23. Rad1 Rc7 24. Ne4 Ke7 25. Bb3 Nc5 26. Rc2 Rfc8 27.
Nxc5 Rxc5 28. Rcd2 Be8 29. h3 Rc1 30. Kh2 Rxd1 31. Rxd1 Bb5 32. a4 Bc6 33. Rc1
Bb7 34. Rd1 Rc7 35. Rd4 h6 36. Rb4 Rc6 37. Bd1 a5 38. Rb3 Rd6 39. Bg4 Kd7 40.
Rc3 Rd2 41. Kg3 Rxb2 42. Rd3+ Kc7 43. Rc3+ Kd6 44. Bd1 Rd2 45. Bb3 f5 46. Bc4
g5 47. Bb5 h5 48. Rd3+ Rxd3+ 49. Bxd3 f4+ 50. Kh2 e5 51. Kg1 e4 52. Bb5 h4 53.
Kf1 Kc5 54. Ke1 Kd4 55. Kd2 e3+ 56. fxe3+ fxe3+ 57. Ke1 Bxg2 58. Bf1 Bc6 0-1

[Event "15. Obert Int. Sant Martí 2013 - B"]
[Site "Barcelona ESP"]
[Date "2013.07.20"]
[Round "8.65"]
[White "Olleta Tanya, Jordi"]
[Black "Fernandez Benito, Fco. Javier"]
[Result "1/2-1/2"]
[WhiteElo "1527"]
[BlackElo "1702"]
[PlyCount "72"]
[EventDate "2013.07.13"]
[EventType "swiss"]
[EventRounds "9"]
[EventCountry "ESP"]
[SourceTitle "Ajedrez en Madrid"]
[Source "lmi"]
[SourceDate "2013.07.13"]
[SourceVersion "1"]
[SourceVersionDate "2019.06.21"]
[SourceQuality "1"]

1. Nf3 d5 2. d4 Bf5 3. Nc3 Nf6 4. h3 e6 5. Bf4 Bd6 6. Bxd6 Qxd6 7. e3 a6 8. a3
Nbd7 9. Be2 O-O 10. Nh4 Be4 11. Nxe4 Nxe4 12. O-O f5 13. c4 Qe7 14. Nf3 c6 15.
Re1 Qf6 16. cxd5 exd5 17. Bf1 Rae8 18. Nd2 f4 19. Nxe4 Rxe4 20. f3 Rxe3 21.
Rxe3 fxe3 22. Qd3 Qf4 23. Re1 Re8 24. b4 Nb6 25. Qc3 Nc4 26. Bxc4 dxc4 27.
Qxc4+ Kh8 28. Re2 Rd8 29. Qd3 Rxd4 30. Qxe3 Rd1+ 31. Kf2 Qxe3+ 32. Rxe3 h6 33.
g4 Rd7 34. f4 Kh7 35. Kg3 Rc7 36. Rc3 Re7 1/2-1/2

[Event "15. Obert Int. Sant Martí 2013 - B"]
[Site "Barcelona ESP"]
[Date "2013.07.20"]
[Round "8.66"]
[White "Cort Hidalgo, Jordi"]
[Black "Tahay, Romain"]
[Result "1-0"]
[WhiteElo "1650"]
[BlackElo "1553"]
[PlyCount "49"]
[EventDate "2013.07.13"]
[EventType "swiss"]
[EventRounds "9"]
[EventCountry "ESP"]
[SourceTitle "Ajedrez en Madrid"]
[Source "lmi"]
[SourceDate "2013.07.13"]
[SourceVersion "1"]
[SourceVersionDate "2019.06.21"]
[SourceQuality "1"]

1. e4 c5 2. Nf3 Nc6 3. Bb5 Nd4 4. Nxd4 cxd4 5. Bc4 e6 6. c3 dxc3 7. Nxc3 a6 8.
d4 Bb4 9. O-O Bxc3 10. bxc3 b5 11. Bd3 Bb7 12. Qg4 Rc8 13. Qxg7 Qf6 14. Bh6
Qxh6 15. Qxh8 Qg6 16. d5 Ke7 17. Qd4 Qg5 18. Qb4+ Ke8 19. dxe6 fxe6 20. f4 Qc5+
21. Qxc5 Rxc5 22. Rac1 Nf6 23. e5 Nd5 24. Bxh7 Nxc3 25. Rc2 1-0

[Event "15. Obert Int. Sant Martí 2013 - B"]
[Site "Barcelona ESP"]
[Date "2013.07.20"]
[Round "8.68"]
[White "Bienvenido Kleque, Jose"]
[Black "Rodriguez Batuecas, Jordi"]
[Result "0-1"]
[WhiteElo "1513"]
[BlackElo "1630"]
[PlyCount "100"]
[EventDate "2013.07.13"]
[EventType "swiss"]
[EventRounds "9"]
[EventCountry "ESP"]
[SourceTitle "Ajedrez en Madrid"]
[Source "lmi"]
[SourceDate "2013.07.13"]
[SourceVersion "1"]
[SourceVersionDate "2019.06.21"]
[SourceQuality "1"]

1. d4 Nf6 2. c4 g6 3. Nc3 Bg7 4. e4 d6 5. f3 O-O 6. Be3 Nbd7 7. Bd3 c5 8. d5
Qb6 9. Rb1 Ne5 10. Be2 Qb4 11. Qb3 Qxb3 12. axb3 Bd7 13. h3 Be8 14. f4 Ned7 15.
Bf3 a6 16. Ra1 h6 17. Nge2 Nh7 18. O-O f5 19. exf5 Rxf5 20. Be4 Rf8 21. Rf2
Nhf6 22. Bf3 Nb6 23. Raf1 Bd7 24. Ng3 e6 25. dxe6 Bc6 26. Bxc6 bxc6 27. Nge4
Rfe8 28. Nxf6+ Bxf6 29. f5 Kg7 30. fxg6 Rxe6 31. Bxh6+ Kxg6 32. Kh1 Rae8 33.
Bf4 d5 34. cxd5 cxd5 35. Na4 Nxa4 36. bxa4 d4 37. Bd2 d3 38. Bc3 Bg5 39. Bd2
Re2 40. Bxg5 Rxf2 41. Rxf2 Kxg5 42. Rd2 c4 43. Kg1 Kf4 44. Kf2 Rh8 45. g3+ Ke4
46. h4 Rf8+ 47. Ke1 Ke3 48. Rh2 Rf3 49. h5 Rxg3 50. h6 Rg1# 0-1

[Event "15. Obert Int. Sant Martí 2013 - B"]
[Site "Barcelona ESP"]
[Date "2013.07.20"]
[Round "8.69"]
[White "Navarro Pastor, Raul"]
[Black "Sanchez Viana, Jordi"]
[Result "1/2-1/2"]
[WhiteElo "1448"]
[BlackElo "1626"]
[PlyCount "109"]
[EventDate "2013.07.13"]
[EventType "swiss"]
[EventRounds "9"]
[EventCountry "ESP"]
[SourceTitle "Ajedrez en Madrid"]
[Source "lmi"]
[SourceDate "2013.07.13"]
[SourceVersion "1"]
[SourceVersionDate "2019.06.21"]
[SourceQuality "1"]

1. e4 c5 2. Nf3 d6 3. d4 cxd4 4. Nxd4 Nf6 5. Nc3 a6 6. Bg5 e6 7. f4 Be7 8. Qf3
Nbd7 9. g4 Qc7 10. O-O-O Rb8 11. Bxf6 Bxf6 12. g5 Be7 13. f5 Bxg5+ 14. Kb1 Ne5
15. Qh5 Bf6 16. Nxe6 Bxe6 17. fxe6 O-O 18. Nd5 Qd8 19. exf7+ Rxf7 20. Bh3 Kh8
21. Rhg1 g6 22. Qe2 Bg7 23. Rdf1 Rxf1+ 24. Rxf1 b5 25. Nf4 Qh4 26. Be6 Rf8 27.
Qf2 Qxf2 28. Rxf2 Rf6 29. Bh3 g5 30. Nd3 Rxf2 31. Nxf2 Nf3 32. Bc8 a5 33. h3
Bd4 34. Ng4 Nd2+ 35. Kc1 Nxe4 36. c3 Bg1 37. Kc2 Kg7 38. Kd3 Nc5+ 39. Ke2 Na4
40. Bd7 Nxb2 41. Bxb5 d5 42. Ne5 Kf6 43. Nc6 a4 44. Na5 Ke5 45. Nb7 d4 46. c4
a3 47. Nc5 Bh2 48. Kd2 Bf4+ 49. Ke2 Kd6 50. Ne4+ Kc7 51. Nf2 Kb6 52. Nd3 Nxd3
53. Kxd3 Kc5 54. Ba6 h5 55. Bc8 1/2-1/2

[Event "15. Obert Int. Sant Martí 2013 - B"]
[Site "Barcelona ESP"]
[Date "2013.07.20"]
[Round "8.71"]
[White "Ylla Soro, Rafael"]
[Black "Boixader Arbo, Xavier"]
[Result "0-1"]
[WhiteElo "1596"]
[BlackElo "1546"]
[PlyCount "60"]
[EventDate "2013.07.13"]
[EventType "swiss"]
[EventRounds "9"]
[EventCountry "ESP"]
[SourceTitle "Ajedrez en Madrid"]
[Source "lmi"]
[SourceDate "2013.07.13"]
[SourceVersion "1"]
[SourceVersionDate "2019.06.21"]
[SourceQuality "1"]

1. e4 c5 2. Nc3 Nc6 3. g3 g6 4. Bg2 Bg7 5. Nge2 d6 6. O-O Nh6 7. d3 O-O 8. h3
f5 9. Bxh6 Bxh6 10. Nd5 e6 11. Ndc3 f4 12. gxf4 Bxf4 13. Nxf4 Rxf4 14. Ne2 Rh4
15. Qd2 e5 16. Qe3 Nb4 17. Rfc1 Be6 18. a3 Nc6 19. Rf1 Nd4 20. Nxd4 cxd4 21.
Qg3 Qf6 22. c3 dxc3 23. bxc3 Rf8 24. Rae1 g5 25. Re3 Qf4 26. Rf3 Qd2 27. Re3 h6
28. c4 Rhf4 29. Bf3 Qa2 30. d4 exd4 0-1

[Event "15. Obert Int. Sant Martí 2013 - B"]
[Site "Barcelona ESP"]
[Date "2013.07.20"]
[Round "8.73"]
[White "Martinez Navarro, Miquel"]
[Black "Harutian, Arthur William"]
[Result "1-0"]
[WhiteElo "1641"]
[BlackElo "1517"]
[PlyCount "79"]
[EventDate "2013.07.13"]
[EventType "swiss"]
[EventRounds "9"]
[EventCountry "ESP"]
[SourceTitle "Ajedrez en Madrid"]
[Source "lmi"]
[SourceDate "2013.07.13"]
[SourceVersion "1"]
[SourceVersionDate "2019.06.21"]
[SourceQuality "1"]

1. e4 e5 2. Nf3 Nc6 3. Bc4 Bc5 4. O-O Nf6 5. d3 d6 6. c3 Bg4 7. h3 Bh5 8. Bg5
h6 9. Be3 Bb6 10. Nbd2 O-O 11. a3 d5 12. exd5 Nxd5 13. Bxb6 axb6 14. Ne4 b5 15.
Bxb5 f5 16. Ng3 Bxf3 17. Qxf3 Qd7 18. Rfe1 Rae8 19. Bc4 Rd8 20. Rad1 Kh8 21.
Bb3 Nf4 22. Bc2 Qf7 23. d4 Ng6 24. Qxf5 Qxf5 25. Bxf5 Nh4 26. Be4 exd4 27. Bxc6
bxc6 28. Re4 Nf5 29. Nxf5 Rxf5 30. Rexd4 Rdf8 31. f3 Rb5 32. Rd8 Rxd8 33. Rxd8+
Kh7 34. Rd2 Kg6 35. Kf2 Kf5 36. g3 g6 37. Ke2 Re5+ 38. Kf2 c5 39. c4 Re7 40.
Rd5+ 1-0

[Event "15. Obert Int. Sant Martí 2013 - B"]
[Site "Barcelona ESP"]
[Date "2013.07.20"]
[Round "8.75"]
[White "Aunes Cabanero, Jose"]
[Black "Freixa Rofastes, Ernest"]
[Result "1-0"]
[WhiteElo "1565"]
[BlackElo "1455"]
[PlyCount "101"]
[EventDate "2013.07.13"]
[EventType "swiss"]
[EventRounds "9"]
[EventCountry "ESP"]
[SourceTitle "Ajedrez en Madrid"]
[Source "lmi"]
[SourceDate "2013.07.13"]
[SourceVersion "1"]
[SourceVersionDate "2019.06.21"]
[SourceQuality "1"]

1. e4 e5 2. Nf3 Nc6 3. Bc4 Be7 4. O-O Nf6 5. Re1 O-O 6. c3 d6 7. h3 h6 8. d4
Bd7 9. Nbd2 Re8 10. Nf1 Bf8 11. Ng3 Nh7 12. b4 a6 13. a4 Qf6 14. Be3 Rad8 15.
b5 Na5 16. Bf1 Bc8 17. bxa6 bxa6 18. Rb1 Bb7 19. d5 Rc8 20. c4 c6 21. Bb6 Nxc4
22. Bxc4 cxd5 23. Bxd5 Bc6 24. Bxc6 Rxc6 25. a5 Rec8 26. Qd5 Qg6 27. Qd3 Rc3
28. Qxa6 Nf6 29. Be3 Nd7 30. Qb7 R3c7 31. Qb5 Rb8 32. Qa4 d5 33. Rxb8 Nxb8 34.
Nxe5 Qf6 35. Ng4 Qe6 36. Bb6 Rc4 37. Qd1 dxe4 38. Be3 f5 39. Qb3 fxg4 40. hxg4
Na6 41. Kh2 Nc5 42. Bxc5 Bxc5 43. Rc1 Rxc1 44. Qxe6+ Kh7 45. Qxe4+ Kh8 46. a6
Bxf2 47. Ne2 Re1 48. Qf3 Ba7 49. Qa8+ Kh7 50. Qxa7 Rxe2 51. Qb7 1-0

[Event "15. Obert Int. Sant Martí 2013 - B"]
[Site "Barcelona ESP"]
[Date "2013.07.20"]
[Round "8.76"]
[White "Guinjoan Fradera, Joan"]
[Black "Orts Gonzalez, Rafael"]
[Result "1-0"]
[WhiteElo "1547"]
[BlackElo "1269"]
[PlyCount "53"]
[EventDate "2013.07.13"]
[EventType "swiss"]
[EventRounds "9"]
[EventCountry "ESP"]
[SourceTitle "Ajedrez en Madrid"]
[Source "lmi"]
[SourceDate "2013.07.13"]
[SourceVersion "1"]
[SourceVersionDate "2019.06.21"]
[SourceQuality "1"]

1. e4 e5 2. c4 d6 3. Nf3 g5 4. d3 g4 5. Nfd2 Be7 6. Be2 h5 7. O-O Nf6 8. Nb3 h4
9. Bg5 h3 10. g3 Rg8 11. Bxf6 Bxf6 12. Nc3 c6 13. f4 gxf3 14. Bxf3 Bh4 15. Bh5
Be6 16. g4 Qg5 17. Kh1 Rh8 18. Qf3 Rh7 19. Ne2 Nd7 20. Ng3 O-O-O 21. Nf5 Rf8
22. Nxd6+ Kc7 23. Nf5 f6 24. Qxh3 Rxh5 25. gxh5 Qxh5 26. Qxh4 Qf3+ 27. Rxf3 1-0

[Event "15. Obert Int. Sant Martí 2013 - B"]
[Site "Barcelona ESP"]
[Date "2013.07.21"]
[Round "9.1"]
[White "Varela La Madrid, Maria"]
[Black "Moreno Perez, Norberto"]
[Result "1-0"]
[WhiteElo "1927"]
[BlackElo "1920"]
[PlyCount "61"]
[EventDate "2013.07.13"]
[EventType "swiss"]
[EventRounds "9"]
[EventCountry "ESP"]
[SourceTitle "Ajedrez en Madrid"]
[Source "lmi"]
[SourceDate "2013.07.13"]
[SourceVersion "1"]
[SourceVersionDate "2019.06.21"]
[SourceQuality "1"]

1. d4 d5 2. Nf3 Nc6 3. Bf4 Nf6 4. e3 a6 5. Nbd2 Bf5 6. a3 h6 7. c4 e6 8. Qb3
Rb8 9. Be2 Be7 10. Rc1 Nh5 11. cxd5 exd5 12. Ne5 Nxf4 13. Nxc6 Nxg2+ 14. Kd1
Nxe3+ 15. Qxe3 bxc6 16. Qe5 Bg6 17. Rxc6 O-O 18. b4 Bf6 19. Qf4 Bg5 20. Qxc7
Qe8 21. Bf3 Bf4 22. Re1 Be4 23. Nxe4 dxe4 24. Rxe4 Bxc7 25. Rxe8 Rfxe8 26. Rxc7
a5 27. bxa5 Rb3 28. Bd5 Rb1+ 29. Kc2 Ree1 30. Rxf7 Kh7 31. a6 1-0

[Event "15. Obert Int. Sant Martí 2013 - B"]
[Site "Barcelona ESP"]
[Date "2013.07.21"]
[Round "9.2"]
[White "Navarro Gutierrez, Andres Camilo"]
[Black "Iglesias Garcia, Jorge"]
[Result "1-0"]
[WhiteElo "1909"]
[BlackElo "1956"]
[PlyCount "113"]
[EventDate "2013.07.13"]
[EventType "swiss"]
[EventRounds "9"]
[EventCountry "ESP"]
[SourceTitle "Ajedrez en Madrid"]
[Source "lmi"]
[SourceDate "2013.07.13"]
[SourceVersion "1"]
[SourceVersionDate "2019.06.21"]
[SourceQuality "1"]

1. c4 e6 2. g3 d5 3. cxd5 exd5 4. d4 Nf6 5. Nc3 c6 6. Bg2 Bd6 7. Nf3 Bf5 8. Nh4
Bg6 9. O-O O-O 10. Nxg6 fxg6 11. Qb3 Qb6 12. Qxb6 axb6 13. a3 Nbd7 14. f3 c5
15. f4 cxd4 16. Nxd5 Rfe8 17. Nxf6+ Nxf6 18. Bxb7 Ra7 19. Bf3 Bc5 20. Kg2 Ne4
21. Rd1 Kf8 22. Rd3 Nd6 23. Rb1 b5 24. Rb3 Rae7 25. Kf1 Rc7 26. Bd2 Nc4 27. Ke1
Nxd2 28. Kxd2 Rb8 29. a4 b4 30. Rc1 Rbc8 31. Rd3 Bb6 32. Rxc7 Rxc7 33. Rb3 Ke7
34. Kd3 Bc5 35. Kc4 h6 36. a5 g5 37. Rxb4 Bxb4+ 38. Kxb4 Rc2 39. Kb3 Rc1 40. a6
Ra1 41. Bb7 gxf4 42. gxf4 Kd6 43. Kc4 Ra4+ 44. Kb5 Ra2 45. b4 Kc7 46. Bf3 Ra3
47. Be4 Ra1 48. h4 Ra3 49. Bd3 Rc3 50. Bc4 Rh3 51. Kc5 Rh1 52. b5 Rb1 53. h5
Rb2 54. a7 Kb7 55. b6 Rc2 56. Kb5 Rb2+ 57. Ka5 1-0

[Event "15. Obert Int. Sant Martí 2013 - B"]
[Site "Barcelona ESP"]
[Date "2013.07.21"]
[Round "9.4"]
[White "Perez Garcia, Jose Miguel"]
[Black "Casset Bello, Elena"]
[Result "1-0"]
[WhiteElo "1950"]
[BlackElo "1908"]
[PlyCount "113"]
[EventDate "2013.07.13"]
[EventType "swiss"]
[EventRounds "9"]
[EventCountry "ESP"]
[SourceTitle "Ajedrez en Madrid"]
[Source "lmi"]
[SourceDate "2013.07.13"]
[SourceVersion "1"]
[SourceVersionDate "2019.06.21"]
[SourceQuality "1"]

1. d4 d5 2. Nf3 Nf6 3. c4 e6 4. g3 Be7 5. Bg2 O-O 6. O-O dxc4 7. Qc2 a6 8. Qxc4
b5 9. Qc2 Bb7 10. Bf4 Nc6 11. Rd1 Nb4 12. Qc1 Nbd5 13. Nc3 Nxc3 14. Qxc3 Nd5
15. Qc2 Rc8 16. Rac1 c5 17. dxc5 Rxc5 18. Qb1 Rxc1 19. Rxc1 Nxf4 20. gxf4 Qd6
21. e3 Rc8 22. Rd1 Qc7 23. h3 Bf6 24. b3 g6 25. Nd4 Bxg2 26. Kxg2 e5 27. fxe5
Qxe5 28. Nf3 Qc7 29. Qe4 Kg7 30. Rd5 Rd8 31. Rxd8 Qxd8 32. Qc6 Qa5 33. a4 bxa4
34. Qxa4 Qb6 35. Qc4 h5 36. Qd5 a5 37. e4 Qb4 38. e5 Be7 39. Nd4 Qc5 40. Qxc5
Bxc5 41. Nc6 Bb6 42. Ne7 Bc5 43. Nd5 g5 44. f4 Kg6 45. Kf3 gxf4 46. Kxf4 Ba3
47. Nb6 Bc5 48. Nd7 Bb4 49. Nb8 Bd2+ 50. Ke4 Kg5 51. Nc6 f5+ 52. Kd5 Bc1 53.
Nxa5 f4 54. Ke4 Kh4 55. Nc4 Kxh3 56. Kf3 Kh4 57. e6 1-0

[Event "15. Obert Int. Sant Martí 2013 - B"]
[Site "Barcelona ESP"]
[Date "2013.07.21"]
[Round "9.5"]
[White "Beaskoa Estany, Gabriel"]
[Black "Molano Lafuente, Ismael"]
[Result "0-1"]
[WhiteElo "1930"]
[BlackElo "1943"]
[PlyCount "82"]
[EventDate "2013.07.13"]
[EventType "swiss"]
[EventRounds "9"]
[EventCountry "ESP"]
[SourceTitle "Ajedrez en Madrid"]
[Source "lmi"]
[SourceDate "2013.07.13"]
[SourceVersion "1"]
[SourceVersionDate "2019.06.21"]
[SourceQuality "1"]

1. e4 e6 2. d4 d5 3. Nc3 Nc6 4. Nf3 Nf6 5. e5 Ne4 6. Bd3 Bb4 7. Bd2 Nxd2 8.
Qxd2 Bd7 9. a3 Bxc3 10. Qxc3 Qe7 11. b4 a6 12. Nd2 Qh4 13. Nb3 f6 14. g3 Qh5
15. Be2 Qh3 16. O-O-O O-O-O 17. b5 axb5 18. Bxb5 Nxe5 19. dxe5 Bxb5 20. Qa5 Bc6
21. Nc5 b6 22. Qa6+ Kb8 23. Rd3 d4 24. Rhd1 Rd5 25. Rxd4 bxc5 26. R4d3 Bb7 27.
Rb3 Rxd1+ 28. Kxd1 Qg4+ 29. Kc1 Qe4 30. Qb5 c4 31. Rb4 Qe1+ 32. Kb2 Qxe5+ 33.
Qxe5 fxe5 34. Rxc4 Bd5 35. Rg4 g6 36. c4 Bc6 37. f4 Bf3 38. Rg5 exf4 39. gxf4
Rf8 40. Re5 Rxf4 41. c5 Bd5 0-1